000 00324nam a2200133 i 4500
001 bg
100 1 _aRUDZIŃSKI, Eugeniusz
245 0 _aŚwiatowe współdziałanie uczonych /
_cE. Rudziński.
260 _aWarszawa,
_c1986.
040 _cBPK
041 _apol
942 _cKS
008 s pl f |000 0 pol
999 _c23216
_d23216
856 _uhttp://koha.tu.koszalin.pl/cgi-bin/koha/opac-detail.pl?biblionumber=23216
_yKatalog online BPK